Scrum as the Method Supporting the Implementation of Knowledge Management in an Organization

Scrum ako metóda na podporu implementácie znalostného manažmentu v organizácii. Základné princípy metódy Scrum. Scrum proces. Scrum a znalostný manažment.

Uložené v:
Podrobná bibliografia
Hlavný autor: Miklošík, Andrej
Ďalší autori: Hvizdová, Eva, ml, Žák, Štefan, 1971-
Médium: Kapitola
Jazyk:English
Predmet:
Tagy: Pridať tag
Žiadne tagy, Buďte prvý, kto otaguje tento záznam!

MARC

LEADER 00000naa a2200000 4500
001 0151790
005 20240502083346.5
041 0 |a eng 
044 |a IT 
245 1 0 |a Scrum as the Method Supporting the Implementation of Knowledge Management in an Organization  |c Andrej Miklošík, Eva Hvizdová ml., Štefan Žák 
520 |a Scrum ako metóda na podporu implementácie znalostného manažmentu v organizácii. Základné princípy metódy Scrum. Scrum proces. Scrum a znalostný manažment. 
610 2 0 |a manažment znalostný 
610 2 0 |a metódy riadenia 
100 1 |a Miklošík, Andrej 
700 1 |a Hvizdová, Eva, ml. 
700 1 |a Žák, Štefan, 1971-